|
|
|
|
| LEADER |
00000nab a2200000 a 4500 |
| 001 |
vtls008413399 |
| 003 |
SK-MaSNL |
| 005 |
20260303070224.0 |
| 008 |
051205 2005 xo r r 000 0 slo |
| 038 |
|
|
|a KEVKJB
|
| 040 |
|
|
|a KEVKJB
|b slo
|c KEVKJB
|e AACR2
|
| 041 |
0 |
|
|a slo
|
| 044 |
|
|
|a xo
|c SK
|
| 080 |
|
|
|a 791.43
|2 UDC-MRF-SK2
|
| 100 |
1 |
|
|a Kiraľvargová, Dáša
|4 aut
|9 872583
|
| 245 |
1 |
0 |
|a Siahol po príbehu človeka, ktorý je doslova stratený
|b mladý košický filmár Filip Zbojek nakrútil na vlastné náklady film Cesta. Chce ho prezentovať aj na festivaloch
|c Dáša Kiraľvargová
|
| 300 |
|
|
|b Obr.
|
| 600 |
1 |
7 |
|a Zbojek, Filip
|t Cesta (film)
|2 kevkjb
|9 1067354
|
| 650 |
0 |
7 |
|a film
|2 kevkjb
|9 1425
|
| 651 |
|
7 |
|a Košice (Slovensko)
|2 kevkjb
|9 18694
|
| 773 |
0 |
|
|t Košický večer
|g Roč. 16(37), č. 48 (2.12.2005), s. 4
|
| 852 |
|
|
|a KEVKJB
|b KIS3GCP
|
| 999 |
|
|
|c 1754437
|d 1756367
|